Online Catalogue and eLibrary

Manawa Himikam Pahana (Record no. 5747)

MARC details
000 -LEADER
fixed length control field 00465nam a2200157Ia 4500
005 - DATE AND TIME OF LATEST TRANSACTION
control field 20250620034224.0
008 - FIXED-LENGTH DATA ELEMENTS--GENERAL INFORMATION
fixed length control field 240331s9999 xx 000 0 und d
020 ## - INTERNATIONAL STANDARD BOOK NUMBER
ISBN 9789551468064
082 ## - DDC Classification
Item Number - Author Mark BAS
Class No. 322
100 ## - MAIN ENTRY--PERSONAL NAME
Personal name Basil, F
245 #0 - TITLE STATEMENT
Title Manawa Himikam Pahana
260 ## - PUBLICATION, DISTRIBUTION, ETC.
Place of publication, distribution, etc. Sri Lanka
Name of publisher, distributor, etc. People's Alliance for the Elimination of Torture in Sri Lanka Asian human Rights Commission
Date of publication, distribution, etc. 2007
300 ## - PHYSICAL DESCRIPTION
Extent (e.g. Volumes, Pages etc.) 151 p .,
500 ## - GENERAL NOTE
General note A book on Human Rights Lamp
942 ## - Koha item type (Biblio)
Koha item type Books in Stacks (Lending)
Holdings
Lost status Damaged status Collection code Home library Current library Shelving location Date acquired Full call number Accession Number Item type
    Lending WERC Library WERC Library Social Science Cupboard 03/31/2024 322.6 BAS 6684 Books in Stacks (Lending)

© WERC Library